000 00768nam a2200229Ia 4500
003 GCL
008 140319s9999 xx 000 0 ara d
040 _aGCL /
_cGCL
082 0 4 _a819
_bح ص
100 1 _aابوحيان التوحيدى، على بن محمد
245 1 0 _aالصداقة والصديق /
_cابوحيان التوحيدى، على بن محمد
700 1 _aعلى متولى صلاح
260 _aالقاهرة :
_bمكتبة الاداب بالجماميز ،
_c1972
300 _a475 ص ؛
_c24 سم
490 _aكتاب
_v0
650 0 4 _aالادب العربى
650 0 4 _aالبلاغة العربية
650 0 4 _aالصداقة
650 0 4 _aالصديق
650 0 4 _aابوحيان التوحيدى
942 _2ddc
_cBK
999 _c42316
_d42316